Państwa według znanego człowieka #1 - Statystyki

Ogólne statystyki
  • Ten quiz został rozwiązany 39 razy
  • Średni wynik to 9 z 10
Statystyki odpowiedzi
Człowiek Państwo % Poprawnych
Donald Trump Stany Zjednoczone
100%
Mao Zedong Chiny
97%
Adolf Hitler Austria
92%
Hirohito Japonia
92%
Saddam Husajn Irak
89%
Marcin Luter Niemcy
89%
Władysław Jagiełło Litwa
84%
Józef Stalin Gruzja
82%
Nelson Mandela Południowa Afryka
82%
Hồ Chí Minh Wietnam
68%
Nie znaleziono quizów pasujących do podanych kryteriów
Rozkład punktacji
Procent ludzi z każdym wynikiem
Percentyl według liczby udzielonych odpowiedzi
Twoja historia wyników
Nie rozwiązałeś tego quizu